| 000 | 00420nam a22001691a 4500 | ||
|---|---|---|---|
| 999 |
_c14063 _d14063 |
||
| 020 | _a9788171307166 | ||
| 082 |
_aM803 _bROS/E |
||
| 100 | _aRosie Thomas | ||
| 245 |
_aEvan ente priya C.J/ _cby Rosie Thomas |
||
| 260 |
_aKottayam: _bD C Books, _c1999. |
||
| 300 | _a124p. | ||
| 650 | _aMemoirs Rosie Thomas | ||
| 650 | _aMemoirs Malalayalam | ||
| 650 | _aLiterature Malayalam | ||
| 650 | _aLiterature | ||
| 942 | _cBK | ||